Descriptores para maní = Descriptors for groundnut = Descripteurs pour l'arachide /
Guardado en:
| Autores Corporativos: | , |
|---|---|
| Formato: | Libro |
| Idioma: | Spanish |
| Publicado: |
Rome :
IBPGR,
1992.
|
| Acceso en línea: | Texto completo |
| Etiquetas: |
Agregar Etiqueta
Sin Etiquetas, Sea el primero en etiquetar este registro!
|
| LEADER | 00815nam a22001935a 4500 | ||
|---|---|---|---|
| 001 | EEA.libagro005213 | ||
| 005 | 20181001105108.0 | ||
| 008 | 130809s1992####it#a##########000#0#spa#d | ||
| 020 | |a 9290431393 | ||
| 082 | 0 | 4 | |a 333.953 |
| 082 | 0 | 4 | |a 583.322 |
| 245 | 1 | 0 | |a Descriptores para maní = Descriptors for groundnut = Descripteurs pour l'arachide / |c IBPGR ; ICRISAT. |
| 260 | |a Rome : |b IBPGR, |c 1992. | ||
| 300 | |a 125 p. : |b il. ; |c 24 cm. | ||
| 530 | |a Disponible también en línea. | ||
| 710 | 2 | |a International Board for Plant Genetic Resources. | |
| 710 | 2 | |a International Crops Research Institute for the Semi-Arid Tropics. | |
| 856 | |u http://www.bioversityinternational.org/fileadmin/user%5Fupload/online%5Flibrary/publications/pdfs/431%5FES.pdf |3 Texto completo | ||
| 859 | |a AR-BbBCA |b BIB. AGRONOMIA |h 333.953 |i I13-5 |p 1995/2484 | ||
